00285nam a22000977a 4500008004100000041000800041080001000049100000600059101001100065245011100076180605b xxu||||| |||| 00| 0 eng d aeng a043.3 a0 aMBE-BA aNormat e kamates te bankave komerciale ne Kosove. Analiza Statistikore e metodikes se llogaritjescHoti, E